000 00523nam a2200169 4500
001 121879
003 ES-MaACL
005 20230906191843.0
007 t|
008 070214s1952 sp r ||||1| spa d
100 1 _aPlus, Raoul.
_992677
245 1 3 _aLa santidad en el Catolicismo /
_cpor el Padre Plus ; versión castellana por Pío María de Montoya.
260 _aSan Sebastián :
_bDinor,
_c1952.
300 _a178 p. ;
_c19 cm.
700 1 _aMontoya, Pío María de.
_982709
852 _aES-MaACL
_jD-9228
_bR.34021
999 _c121879
_d121879